30 biggest cities in New Mexico - Statistics

General Stats
  • This quiz has been taken 45 times
    34 since last reset
  • The average score is 15 of 30
Answer Stats
Population City % Correct
87,505 Santa Fe
100%
564,559 Albuquerque
92%
111,385 Las Cruces
92%
104,026 Rio Rancho
83%
48,422 Roswell
83%
46,624 Farmington
79%
32,238 Carlsbad
71%
38,567 Clovis
71%
21,899 Gallup
71%
40,508 Hobbs
71%
30,898 Alamogordo
63%
6,474 Taos
63%
9,704 Silver City
58%
13,166 Las Vegas
54%
14,758 Deming
50%
17,242 Los Lunas
46%
7,360 Belen
38%
19,419 Los Alamos
38%
12,875 Artesia
33%
8,977 Bernalillo
33%
10,526 Española
29%
12,137 Portales
29%
8,693 Anthony
25%
9,163 Grants
25%
7,679 Ruidoso
25%
8,707 Socorro
25%
16,702 Sunland Park
25%
11,668 Lovington
21%
7,421 Bloomfield
13%
8,493 Corrales
4%
No matching quizzes found
Score Distribution
Percent of People with Each Score
Percentile by Number Answered
Your Score History
You have not taken this quiz since the last reset